| 000 | 00599nam a2200181Ia 4500 | ||
|---|---|---|---|
| 008 | 090201s9999 xx 000 0 und d | ||
| 010 | _aKPL-74735 | ||
| 040 | _bमराठी | ||
| 041 | _aमराठी | ||
| 082 |
_a55267 _b74735 |
||
| 100 | _aप्र. के. घाणेकर | ||
| 245 |
_aडोळस भटकंती (रामबाग) _cप्र. के. घाणेकर |
||
| 250 | _a1 | ||
| 260 |
_c2008 _bस्नेहल प्रकाशन |
||
| 300 |
_a223 _bमध्यम |
||
| 600 | _aडोळस भटकंती (रामबाग) | ||
| 942 | _cBOOK | ||
| 999 |
_c251555 _d251555 |
||